Lengua 7 : carpeta de actividades /
Guardado en:
| Autor Principal: | |
|---|---|
| Otros Autores: | , , |
| Formato: | Libro |
| Publicado: |
Buenos Aires :
Tinta Fresca,
2005
|
| Materias: | |
| Etiquetas: |
Agregar Etiqueta
Sin Etiquetas, Sea el primero en etiquetar este registro!
|
| LEADER | 01209nam a22003015a 4500 | ||
|---|---|---|---|
| 001 | CEM.cems011937 | ||
| 005 | 20080228120248.0 | ||
| 008 | 130507s2005##################000#0#####d | ||
| 003 | CEMS | ||
| 020 | |a 9875760080 | ||
| 082 | 0 | 4 | |a Z468 |
| 100 | 1 | |a Bein, Paula | |
| 245 | 1 | 0 | |a Lengua 7 : |b carpeta de actividades / |c Bein, Paula ... [et Al.] |
| 260 | |a Buenos Aires : |b Tinta Fresca, |c 2005 | ||
| 300 | |a 112 p. | ||
| 500 | |a Para 7ºaño Egb | ||
| 505 | 0 | |a Mitos y leyendas -- Cuentos populares -- Textos informativos -- Las novelas -- Poesía -- Cartas -- Teatro -- Textos explicativos | |
| 653 | |a Lengua | ||
| 653 | |a Lengua- 7º egb | ||
| 653 | |a Lengua-actividades | ||
| 700 | 1 | |a Cano, Fernanda | |
| 700 | 1 | |a Frutos, María Sara | |
| 700 | 1 | |a Romero, Walter Eduardo ; Silva, María Luisa | |
| 859 | |a CEMS |b BIB. CEMS - 11 de abril |h Z468 |i C394-1 |p 23035.05 |t Ej.1 |v 7º |3 7º | ||
| 859 | |a CEMS |b BIB. CEMS - 11 de abril |h Z468 |i C394-1 |p 23036.05 |t Ej.2 |v 7º |3 7º | ||
| 859 | |a CEMS |b BIB. CEMS - 11 de abril |h Z468 |i C394-1 |p 23037.05 |t Ej.3 |v 7º |3 7º | ||
| 859 | |a CEMS |b BIB. CEMS - 11 de abril |h Z468 |i C394-1 |p 23038.05 |t Ej.4 |v 7º |3 7º | ||
| 859 | |a CEMS |b BIB. CEMS - 11 de abril |h Z468 |i C394-1 |p 23039.05 |t Ej.5 |v 7º |3 7º | ||
